Geometría ii /

Guardado en:
Autor Principal: Alcántara, Lidia E.
Otros Autores: Lomazzi, Raquel T., Mina, Félix
Formato: Libro
Publicado: Buenos Aires : Estrada, 1978
Edición:23a. ed.
Materias:
Etiquetas: Agregar Etiqueta
Sin Etiquetas, Sea el primero en etiquetar este registro!
LEADER 01410nam a22002535a 4500
001 CEM.cems000393
008 130507s1978##################000#0#####d
005 20241210111028.0
245 1 0 |a Geometría ii /  |c Lidia E. Alcántara ; raquel T. Lomazzi ; félix Mina 
250 |a 23a. ed. 
260 |a Buenos Aires :  |b Estrada,  |c 1978 
300 |a 150 p. 
500 |a Texto de acuerdo con el programa oficial del 2do. año del ciclo básico de la enseñanza secudaria y de las escuelas nacionales de comercio 
505 0 |a Polígono convexo -- Transformaciones planas -- Composición de traslaciones -- Rotación inversa -- Simetría axial -- Paralelogramo -- Rectángulo -- Cuadrado -- Trapecio -- Trapezoide -- Romboide -- Bisectrices -- Mediatrices -- Circunferencia y círculo -- Angulo inscripto -- Medición de ángulos -- Polígonos adyacentes -- Equivalencia de paralelogramos entre sí -- Productos de dos segmentos 
100 1 |a Alcántara, Lidia E. 
700 1 |a Lomazzi, Raquel T. 
700 1 |a Mina, Félix 
082 0 4 |a 513 
653 |a Geometría 2do. año 
653 |a Matemática 
859 |a CEMS  |b BIB. CEMS - 11 de abril  |h 513  |i Al16a23  |p 7018.79  |t Ej.1  |v II  |3 II 
859 |a CEMS  |b BIB. CEMS - 11 de abril  |h 513  |i Al16a23  |p 7019.79  |t Ej.2  |v II  |3 II 
859 |a CEMS  |b BIB. CEMS - 11 de abril  |h 513  |i Al16a23  |p 7022.79  |t Ej.5  |v II  |3 II 
859 |a CEMS  |b BIB. CEMS - 11 de abril  |h 513  |i Al16a23  |p 7023.79  |t Ej.6  |v II  |3 II